000 00663nam a22002057a 4500
005 20251108165439.0
008 250721s9999 xx 000 0 ara d
082 1 4 _aم/956.031/واق
100 1 _aالواقدي، أبو عبد الله محمد بن عمر ...
245 1 0 _aكتاب الردة /
264 1 _aعمان :
_bدار الفرقان،
_c[19-].
300 _a349ص : فهارس
650 1 7 _aالخلفاء الراشدون 661-632
650 1 7 _aالتاريخ
650 1 7 _aحروب الردة
650 1 7 _aالتراجم
700 1 _aأبو الخير، محمود عبد الله
_eتحقيق
942 _2ddc
_cREF
999 _c28151
_d28151